World Cup and Euros Winners - Statistics

General Stats
  • This quiz has been taken 138 times
  • The average score is 31 of 39
Answer Stats
Hint Answer % Correct
2022 World Cup Argentina
100%
2018 World Cup France
100%
2024 Euros Spain
100%
2014 World Cup Germany
99%
2020 Euros Italy
99%
2016 Euros Portugal
99%
2002 World Cup Brazil
98%
2006 World Cup Italy
98%
2012 Euros Spain
98%
2010 World Cup Spain
98%
2004 Euros Greece
97%
2008 Euros Spain
97%
1998 World Cup France
92%
2000 Euros France
89%
1994 World Cup Brazil
87%
1996 Euros Germany
85%
1958 World Cup Brazil
81%
1930 World Cup Uruguay
81%
1992 Euros Denmark
76%
1966 World Cup England
76%
1934 World Cup Italy
76%
1962 World Cup Brazil
75%
1986 World Cup Argentina
74%
1950 World Cup Uruguay
74%
1970 World Cup Brazil
73%
1990 World Cup West Germany
73%
1938 World Cup Italy
72%
1978 World Cup Argentina
71%
1982 World Cup Italy
71%
1954 World Cup West Germany
67%
1984 Euros France
64%
1988 Euros Netherlands
64%
1974 World Cup West Germany
64%
1980 Euros West Germany
61%
1960 Euros Soviet Union
57%
1968 Euros Italy
54%
1964 Euros Spain
53%
1972 Euros West Germany
53%
1976 Euros Czechoslovakia
45%
No matching quizzes found
Score Distribution
Percent of People with Each Score
Percentile by Number Answered
Your Score History
You have not taken this quiz